Фитотерапия вирусных заболеваний (Запись № 12943307)

Подробности
000 -МАРКЕР
контрольное поле 03808nam0a2200421 4500
001 - ИДЕНТИФИКАТОР ЗАПИСИ
контрольное поле RU\NLR\BIBL_A\012721555
005 - ИДЕНТИФИКАТОР ВЕРСИИ
контрольное поле 20220401134239.0
010 ## - МЕЖДУНАРОДНЫЙ СТАНДАРТНЫЙ НОМЕР КНИГИ (ISBN)
Номер (ISBN) 978-5-9652-0619-3
Тираж 50
021 ## - НОМЕР ГОСУДАРСТВЕННОЙ РЕГИСТРАЦИИ
Код страны Российская Федерация
Номер КН-П-21-078919
Номер Листа государственной регистраци КН-П-21-6284
035 ## - ДРУГИЕ СИСТЕМНЫЕ НОМЕРА
Идентификатор записи (NLR Aleph) 012721555
035 ## - ДРУГИЕ СИСТЕМНЫЕ НОМЕРА
Идентификатор записи (RuMoRGB)010877422
100 ## - ДАННЫЕ ОБЩЕЙ ОБРАБОТКИ
Данные общей обработки 20220303d2021 k y0rusy50 ca
101 0# - ЯЗЫК РЕСУРСА
Язык текста, звукозаписи и т.д. русский
Язык резюме английский
102 ## - СТРАНА ПУБЛИКАЦИИ ИЛИ ПРОИЗВОДСТВА
Страна публикации Российская Федерация
105 ## - ПОЛЕ КОДИРОВАННЫХ ДАННЫХ: ТЕКСТОВЫЕ МАТЕРИАЛЫ, МОНОГРАФИЧЕСКИЕ
Кодированные данные о монографическом текстовом документе a|||z||||||z|
181 #1 - ПОЛЕ КОДИРОВАННЫХ ДАННЫХ: ВИД СОДЕРЖАНИЯ
Код вида содержания (ISBD) i3
Код характеристики содержания (ISBD) e
182 #1 - ПОЛЕ КОДИРОВАННЫХ ДАННЫХ: ТИП СРЕДСТВА
Код типа средства (ISBD) n - непосредственное
200 1# - ЗАГЛАВИЕ И СВЕДЕНИЯ ОБ ОТВЕТСТВЕННОСТИ
Основное заглавие Фитотерапия вирусных заболеваний
Параллельное заглавие Phytotherapy of viral diseases
Сведения, относящиеся к заглавию монография
Первые сведения об ответственности В. В. Мелик-Гусейнов
Последующие сведения об ответственности Федеральное государственное бюджетное образовательное учреждение высшего образования "Волгоградский государственный медицинский университет" Министерства здравоохранения Российской Федерации
Язык параллельного заглавия английский
203 ## - ВИД СОДЕРЖАНИЯ И ТИП СРЕДСТВА
Вид содержания Текст
Дополнительные сведения об издании визуальный
Тип средства непосредственный
210 ## - ПУБЛИКАЦИЯ, РАСПРОСТРАНЕНИЕ И ДР.
Место издания, распространения и т.д. Волгоград
Имя издателя, распространителя и т. д. Изд-во ВолгГМУ
Дата издания, распространения и т.д. 2021
215 ## - ФИЗИЧЕСКАЯ ХАРАКТЕРИСТИКА
Специфическое обозначение материала и объем 542, [1] с.
Другие сведения о физической характеристике цв. ил.
Размеры 21 см.
300 ## - ОБЩИЕ ПРИМЕЧАНИЯ
Текст примечания Авт. также на англ. яз.: V.V. Melik-Gusseinov
300 ## - ОБЩИЕ ПРИМЕЧАНИЯ
Текст примечания На 4-й с. обл. авт.: д-р биол. наук, проф. В. В. Мелик-Гусейнов
300 ## - ОБЩИЕ ПРИМЕЧАНИЯ
Текст примечания Рез. англ
320 ## - ПРИМЕЧАНИЯ О НАЛИЧИИ В ДОКУМЕНТЕ БИБЛИОГРАФИИ / УКАЗАТЕЛЯ
Текст примечания Библиогр.: с. 518-534 (181 назв.)
320 ## - ПРИМЕЧАНИЯ О НАЛИЧИИ В ДОКУМЕНТЕ БИБЛИОГРАФИИ / УКАЗАТЕЛЯ
Текст примечания Алф. указ. русско-латинских назв. растений: с. 536-542
330 ## - РЕЗЮМЕ ИЛИ РЕФЕРАТ
Текст примечания В монографии представлены сведения об использовании лекарственных растений в лечении вирусных заболеваний. Опубликованный в работе материал учитывает современную (и не только) ситуацию в мире, связанную с вирусными заболеваниями, в том числе и с COVID-19. Описано свыше 170 растений отечественной и зарубежной флоры, используемых при данной патологии. По каждому иллюстрированному растительному объекту приводятся синонимы и названия вида и семейства на русском и латинском языках; представлен химический состав в свете современных достижений в области химии природных соединений, фармакологические свойства, применение в народной медицине, а также сведения о противопоказаниях и побочных действия описываемых растений. Монография адресована провизорам, врачам, биологам, студентам фармацевтических и медицинских вузов, а также всем интересующимся фитотерапией
510 1# - ПАРАЛЛЕЛЬНОЕ ЗАГЛАВИЕ
Связь между полями z2790
Параллельное заглавие Phytotherapy of viral diseases
Язык заглавия английский
606 1# - НАИМЕНОВАНИЕ ТЕМЫ КАК ПРЕДМЕТ
Наименование темы Вирусные болезни
Тематический подзаголовок Фитотерапия
Системный номер авторитетной/нормативной записи 2509075
Идентификатор авторитетной/нормативной записи RU\NLR\AUTH\6601702669
675 ## - УНИВЕРСАЛЬНАЯ ДЕСЯТИЧНАЯ КЛАССИФИКАЦИЯ (UDC/УДК)
Индекс 615.322
Издание 4
686 1# - ИНДЕКСЫ ДРУГИХ КЛАССИФИКАЦИЙ
Индекс Р514.21-525
700 #1 - ИМЯ ЛИЦА - ПЕРВИЧНАЯ ОТВЕТСТВЕННОСТЬ
Графика поля Кириллица
Материалы, к которым относится поле rus
Начальный элемент ввода Мелик-Гусейнов
Часть имени, кроме начального элемента ввода В. В.
Даты 1947-
Расширение инициалов личного имени Валерий Владимирович
Системный номер авторитетной/нормативной записи 119895
Идентификатор авторитетной/нормативной записи RU\NLR\AUTH\7710111
790 #1 - ИМЯ ЛИЦА - АЛЬТЕРНАТИВНАЯ ФОРМА
Связь между полями z22510
Графика поля Латинская
Материалы, к которым относится поле rus
Начальный элемент ввода Melik-Gusejnov
Часть имени, кроме начального элемента ввода V. V.
Даты 1947-
Расширение инициалов личного имени Valerij Vladimirovič
Системный номер авторитетной/нормативной записи 143471
Идентификатор авторитетной/нормативной записи RU\NLR\AUTH\770143507
942 ## - ДОПОЛНИТЕЛЬНЫЕ ЭЛЕМЕНТЫ ЗАПИСИ (АБИС)
Тип экземпляра АБИС Книга
980 ## - КОЛЛЕКЦИЯ
Название коллекции Национальная библиография
Экземпляры
Тип экземпляра Дата поступления Источник поступления Библиотека постоянного хранения Библиотека текущего хранения Место хранения Шифр хранения Штрих-код Статус экземпляра
Книга 03.03.2022 Обязательный экземпляр РНБ (Московский) РНБ (Московский) Русский книжный фонд: издания с 1957 года 2022-3/5455 1-3699502  
Книга 03.03.2022 Обязательный экземпляр РНБ (Московский) РНБ (Московский) Русский книжный фонд: издания с 1957 года 2022-3/5455 1-3699503